| 000 | 00393nab a2200145Ia 4500 | ||
|---|---|---|---|
| 003 | ES-SlBCS | ||
| 005 | 20210601124053.0 | ||
| 008 | 140529s1976 xxu||||| |||| 00| 0 eng d | ||
| 041 | _aeng | ||
| 100 | 1 |
_aGordon, Robert P. _9134704 |
|
| 245 | 0 | 0 |
_aOn BH tôb Rain _c Robert P. Gordon |
| 650 | 0 | 4 |
_aUgarítico _9134676 |
| 773 | 0 |
_tBiblica _gvol. 57, nº. 1, 1976, págs. 111 _wRev78 |
|
| 942 | _cAR | ||
| 999 |
_c508745 _d508745 |
||